000 00835cam a22002531 4500
001 l 66000282
003 DLC
005 20260227111549.0
008 840515s1964 sw 000 0 eng c
010 _al 66000282
035 _a(OCoLC)10733045
040 _aU.S. Dept. of Labor. Library
_cNBuU
_dDLC
042 _apremarc
050 0 0 _aLC1047.N4
_bI5
110 2 _aInternational Labour Office.
245 1 0 _aReport to the Government of the Netherlands Antilles on vocational training.
260 _aGeneva,
_c1964.
300 _a16 p.
_c30 cm.
500 _a"ILO/TAP/Netherlands Antilles/R.1."
500 _aAt head of title: Expanded programme of technical assistance.
650 0 _aVocational education
_zNetherlands Antilles.
650 0 _aTechnical education
_zNetherlands Antilles.
710 1 _aNetherlands Antilles.
999 _c37282
_d37282